Movies Quiz

Random Movies Quiz

Scarlet johansson movies Quiz Stats

 Plays Quiz not verified by Sporcle

Challenge
Share
Tweet
Embed
Score 0/20 Timer 05:00
0 Plays Today
% Correct
lost in translation
60.5%
the other boleyn girl
54.3%
match point
46.9%
he's just not that into you
44.4%
girl with a pearl earring
40.7%
The island
39.5%
vicky cristina barcelona
32.1%
ghost world
28.4%
Scoop
27.2%
the prestige
17.3%
% Correct
The perfect score
14.8%
the nanny diaries
12.3%
the spirit
12.3%
the man who wasn't there
11.1%
in good company
11.1%
eight legged freaks
9.9%
the black dahlia
9.9%
a good woman
4.9%
the spongebob squarepants movie
4.9%
a love story for bobby long
2.5%

You're not logged in!

Compare scores with friends on all Sporcle quizzes.
OR
Log In

You Might Also Like...

Show Comments

Extras

Created Nov 2, 2009ReportNominate
Tags:johansson, scarlet

Top Quizzes Today


Score Distribution

Your Account Isn't Verified!

In order to create a playlist on Sporcle, you need to verify the email address you used during registration. Go to your Sporcle Settings to finish the process.

Report this User

Report this user for behavior that violates our Community Guidelines.

Details: